01005nam a2200229 a 450000100100000000500170001000800410002702000150006802000240008302000240010704000250013108200080015610000260016424500670019026000410025730000260029850001200032450500980044495201080054295201080065099900170075800003445320200930073716.0111004s2000 sp a 000 0 spa d a8471837102 a8471837110 (tomo 1) a8471837129 (tomo 2) aDO-SdBNPbspacBNPHU axxx1 aEvelegh, Tessa95988513aLa gran enciclopedia de los arreglos de mesa /cTessa Evelegh. aBarcelona, España :bHymsa,c2000. a2 v. :bil. ;c29 cm. a100 diseños, ideas y diagramas para arreglar mesas, con más de 60 magníficos proyectos realizados paso a paso0 gVolumen 1 :tDiseños creativos y originales --gVolumen 2 :tEstilos elegantes y personales 001050718MOaGRbGRcCTd2011-10-04iLF1l0oxxx p34453-10r2020-06-25w2020-06-25y1ZNo se presta 001050718MOaGRbGRcCTd2011-10-04iLF1l0oxxx p34453-20r2020-06-25w2020-06-25y1ZNo se presta c33944d33944